[Event "CZE-chT1W 1516"]
[Site "Czech Republic"]
[Date "2016.02.28"]
[Round "9.2"]
[White "Smolkov, Igor"]
[Black "Kraus, Tomas"]
[Result "0-1"]
[WhiteElo "2349"]
[BlackElo "2398"]
[PlyCount "84"]
[EventDate "2015.10.11"]
[EventType "team-tourn"]
[EventRounds "11"]
[EventCountry "CZE"]
[SourceTitle "EXT 2017"]
[Source "ChessBase"]
[SourceDate "2016.10.25"]
[SourceVersion "1"]
[SourceVersionDate "2016.10.25"]
[SourceQuality "1"]
[WhiteTeam "Praha Grop"]
[BlackTeam "Jicin"]
[WhiteTeamCountry "CZE"]
[BlackTeamCountry "CZE"]

1. e4 c5 2. Nf3 d6 3. d4 cxd4 4. Nxd4 Nf6 5. Nc3 a6 6. Bg5 Nbd7 7. f4 Qc7 8. Qf3 h6 9. Bxf6 Nxf6 10. f5 Qc5 11. 0-0-0 g5 12. Nd5 Nxd5 13. exd5 Bg7 14. c3 Bf6 15. g3 h5 16. Bg2 Bd7 17. Kb1 0-0-0 18. Qe4 Kb8 19. Rhe1 Rc8 20. Ka1 Rc7 21. a3 Rhc8 22. Qe2 Qa5 23. Ka2 Ba4 24. Rd3 Qb6 25. Ka1 Rc4 26. Be4 Rxd4 27. Rxd4 Bxd4 28. cxd4 Qxd4 29. Qxh5 Qd2 30. Rb1 Rc4 31. Qf3 Qxh2 32. b3 g4 33. Qg2 Qxg2 34. Bxg2 Rc2 35. Rb2 Bxb3 36. Rxb3 Rxg2 37. a4 Kc7 38. Kb1 Rf2 39. Rb4 Rxf5 40. Rxg4 Rxd5 41. Kc2 f6 42. Kc3 Rg5 0-1

[Event "Kesarovski Georgiev Memorial 14th"]
[Site "Sunny Beach"]
[Date "2015.09.11"]
[Round "7"]
[White "Radovanovic, Jovica"]
[Black "Smolkov, Igor"]
[Result "0-1"]
[WhiteElo "2325"]
[BlackElo "2347"]
[PlyCount "40"]
[EventDate "2015.09.05"]
[EventType "swiss"]
[EventRounds "9"]
[EventCountry "BUL"]
[SourceTitle "EXT 2016"]
[Source "ChessBase"]
[SourceDate "2015.10.08"]
[SourceVersion "1"]
[SourceVersionDate "2015.10.08"]
[SourceQuality "1"]

1. Nf3 g6 2. e4 Bg7 3. d4 d6 4. Be3 Nf6 5. Nc3 0-0 6. h3 d5 7. e5 Ne4 8. Nxe4 dxe4 9. Nd2 c5 10. c3 cxd4 11. cxd4 f5 12. exf6 exf6 13. Nxe4 f5 14. Nc3 f4 15. Bd2 Qxd4 16. Be2 Nc6 17. 0-0 Kh8 18. Na4 f3 19. Bxf3 Rxf3 20. Qxf3 Qxd2 0-1

[Event "Kesarovski Georgiev Memorial 14th"]
[Site "Sunny Beach"]
[Date "2015.09.09"]
[Round "5"]
[White "Petrov, Martin"]
[Black "Smolkov, Igor"]
[Result "1/2-1/2"]
[WhiteElo "2184"]
[BlackElo "2347"]
[PlyCount "40"]
[EventDate "2015.09.05"]
[EventType "swiss"]
[EventRounds "9"]
[EventCountry "BUL"]
[SourceTitle "EXT 2016"]
[Source "ChessBase"]
[SourceDate "2015.10.08"]
[SourceVersion "1"]
[SourceVersionDate "2015.10.08"]
[SourceQuality "1"]

1. e4 c6 2. d4 d5 3. e5 Bf5 4. Nf3 e6 5. Be2 Ne7 6. 0-0 Nd7 7. Nbd2 h6 8. Nb3 g5 9. Ne1 c5 10. Nxc5 Nxc5 11. dxc5 Nc6 12. Bd3 Be4 13. f3 Bxc5+ 14. Kh1 Bxd3 15. Nxd3 Bb6 16. f4 gxf4 17. Bxf4 Qc7 18. Qh5 0-0-0 19. Bg3 Rh7 20. c3 Rg8 1/2-1/2

[Event "Pardubice Czech op-A 26th"]
[Site "Pardubice"]
[Date "2015.07.27"]
[Round "4"]
[White "Smolkov, Igor"]
[Black "Kula, Dominik"]
[Result "1-0"]
[WhiteElo "2328"]
[BlackElo "2145"]
[PlyCount "61"]
[EventDate "2015.07.24"]
[EventType "swiss"]
[EventRounds "9"]
[EventCountry "CZE"]
[SourceTitle "CBM 167 Extra"]
[Source "ChessBase"]
[SourceDate "2015.09.14"]
[SourceVersion "1"]
[SourceVersionDate "2015.09.14"]
[SourceQuality "1"]

1. e4 c5 2. Nf3 d6 3. d4 cxd4 4. Nxd4 Nf6 5. Nc3 a6 6. Bg5 e6 7. f4 h6 8. Bh4 Qb6 9. Qd2 Qxb2 10. Nb3 Qa3 11. Be2 Be7 12. 0-0 Qb4 13. Bf3 Qb6+ 14. Kh1 Nc6 15. Rae1 Qc7 16. Bg3 0-0 17. Qe3 b5 18. e5 Ne8 19. exd6 Bxd6 20. Ne4 Bb7 21. Nxd6 Qxd6 22. f5 Qe7 23. Nc5 Rc8 24. fxe6 fxe6 25. Nxb7 Qxb7 26. Qxe6+ Kh8 27. Bxc6 Rxf1+ 28. Rxf1 Qxc6 29. Rf8+ Kh7 30. Qf5+ g6 31. Qf7+ 1-0

[Event "Lvov Privalov Memorial"]
[Site "Lvov"]
[Date "2014.10.31"]
[Round "6"]
[White "Shaydurov, Oleg"]
[Black "Smolkov, Igor"]
[Result "0-1"]
[WhiteElo "1987"]
[BlackElo "2354"]
[PlyCount "118"]
[EventDate "2014.10.28"]
[EventType "tourn"]
[EventRounds "9"]
[EventCountry "UKR"]
[SourceTitle "EXT 2015"]
[Source "ChessBase"]
[SourceDate "2014.11.20"]
[SourceVersion "1"]
[SourceVersionDate "2014.11.20"]
[SourceQuality "1"]

1. e4 c6 2. Nc3 d5 3. Qf3 e6 4. d4 dxe4 5. Nxe4 Nd7 6. Bd3 Ngf6 7. Ne2 Nxe4 8. Bxe4 Nf6 9. Bd3 Be7 10. h3 Qb6 11. 0-0 0-0 12. c3 c5 13. dxc5 Qxc5 14. Be3 Qd5 15. Qxd5 Nxd5 16. Bd2 Rd8 17. Rfd1 Bd7 18. Be4 Be8 19. c4 Nf6 20. Bf3 Bc6 21. Bxc6 bxc6 22. Be3 a6 23. Nd4 Rac8 24. a3 h5 25. b4 c5 26. Nc2 Rxd1+ 27. Rxd1 cxb4 28. Nxb4 a5 29. Nd3 Rxc4 30. Ne5 Rc3 31. Bb6 a4 32. Rd4 Nd5 33. Ba5 Rxa3 34. Rc4 Ra1+ 35. Kh2 Bd6 36. f4 Bxe5 37. fxe5 Ra2 38. Rc8+ Kh7 39. Kg3 Re2 40. Rc4 Rxg2+ 41. Kf3 Ra2 42. Bb4 Nxb4 43. Rxb4 g5 44. Rb7 Kg6 45. Ra7 a3 46. Ra8 Ra1 47. Ra7 a2 48. Kg2 h4 49. Kh2 f6 50. exf6 Kxf6 51. Ra6 Kf5 52. Ra4 e5 53. Ra5 Kf4 54. Ra4+ e4 55. Ra3 e3 56. Ra4+ Kf3 57. Ra8 Rd1 58. Rf8+ Ke2 59. Rf3 a1R 0-1

[Event "Lvov Privalov Memorial"]
[Site "Lvov"]
[Date "2014.10.31"]
[Round "7"]
[White "Smolkov, Igor"]
[Black "Shkuran, Danylo"]
[Result "1/2-1/2"]
[WhiteElo "2354"]
[BlackElo "2377"]
[PlyCount "30"]
[EventDate "2014.10.28"]
[EventType "tourn"]
[EventRounds "9"]
[EventCountry "UKR"]
[SourceTitle "EXT 2015"]
[Source "ChessBase"]
[SourceDate "2014.11.20"]
[SourceVersion "1"]
[SourceVersionDate "2014.11.20"]
[SourceQuality "1"]

1. e4 c6 2. d4 d5 3. Nd2 dxe4 4. Nxe4 Nd7 5. Ng5 Ngf6 6. Bd3 e6 7. N1f3 Bd6 8. Qe2 h6 9. Ne4 Nxe4 10. Qxe4 Nf6 11. Qe2 Qc7 12. Bd2 b6 13. 0-0-0 Bb7 14. Rhe1 0-0-0 15. Ne5 Rhe8 1/2-1/2

[Event "Obninsk"]
[Site "Obninsk"]
[Date "2008.03.02"]
[Round "11"]
[White "Smolkov, Igor"]
[Black "Vorontsov, Nikolay"]
[Result "1/2-1/2"]
[WhiteElo "2325"]
[BlackElo "2316"]
[PlyCount "46"]
[EventDate "2008.02.24"]
[EventType "tourn"]
[EventRounds "13"]
[EventCountry "RUS"]
[SourceTitle "CBM 123 Extra"]
[Source "ChessBase"]
[SourceDate "2008.05.06"]
[SourceVersion "1"]
[SourceVersionDate "2008.05.06"]
[SourceQuality "1"]

1. e4 e5 2. Nf3 d6 3. d4 Nd7 4. Bc4 c6 5. Nc3 Be7 6. a4 Ngf6 7. 0-0 0-0 8. h3 b6 9. Re1 Bb7 10. Ba2 a6 11. dxe5 dxe5 12. Nh4 b5 13. Nf5 Nc5 14. Qxd8 Bxd8 15. b4 Ncd7 16. Be3 Bb6 17. Bxb6 Nxb6 18. Nd6 Rab8 19. axb5 axb5 20. Red1 Ne8 21. Nxb7 Rxb7 22. Rd8 Nf6 23. Rxf8+ Kxf8 1/2-1/2

[Event "Chigorin Memorial-B 10th"]
[Site "St Petersburg"]
[Date "2002.11.02"]
[Round "8"]
[White "Golovchenko, Gleb"]
[Black "Smolkov, Igor"]
[Result "0-1"]
[WhiteElo "2269"]
[BlackElo "2341"]
[PlyCount "126"]
[EventDate "2002.10.25"]
[EventType "swiss"]
[EventRounds "9"]
[EventCountry "RUS"]
[SourceTitle "EXT 2003"]
[Source "ChessBase"]
[SourceDate "2002.11.25"]
[SourceVersion "1"]
[SourceVersionDate "2002.11.25"]
[SourceQuality "1"]

1. d4 Nf6 2. c4 e5 3. dxe5 Ng4 4. Bf4 Nc6 5. Nf3 Bb4+ 6. Nbd2 Qe7 7. e3 Ngxe5 8. Nxe5 Nxe5 9. Be2 0-0 10. 0-0 a5 11. Bg3 d6 12. Rc1 b6 13. e4 f5 14. f4 Ng6 15. Bf3 Bb7 16. exf5 Bxf3 17. Qxf3 Bxd2 18. Qd5+ Kh8 19. Qxd2 Rxf5 20. Rce1 Qf7 21. Re4 Re8 22. Rxe8+ Qxe8 23. Re1 Qf7 24. Re4 h5 25. h3 Kh7 26. b3 d5 27. cxd5 Rxd5 28. Qc2 Qf5 29. Rc4 Qxc2 30. Rxc2 c5 31. Kf2 Kg8 32. Bh2 Ne7 33. Kf3 Kf7 34. Bg1 Rd1 35. Bf2 Nc6 36. g4 Rd3+ 37. Kg2 Nb4 38. Rb2 Nd5 39. Bg3 Ne3+ 40. Kg1 hxg4 41. hxg4 Nxg4 42. Kg2 Ne3+ 43. Kg1 Ke6 44. Re2 Kf5 45. Kf2 Ng4+ 46. Kg2 Ne3+ 47. Kf2 Nd1+ 48. Kg2 Kg4 49. Be1 Ne3+ 50. Kf2 Nd5 51. Re6 Rf3+ 52. Kg1 Re3 53. Rxe3 Nxe3 54. Bc3 g6 55. Be5 Nd5 56. Kf2 Kf5 57. Bb8 Nxf4 58. Ke3 g5 59. a3 Nd5+ 60. Kd3 g4 61. Kc4 Nf4 62. Ba7 g3 63. Bxb6 Ne6 0-1

[Event "Chigorin Memorial-B 10th"]
[Site "St Petersburg"]
[Date "2002.10.27"]
[Round "3"]
[White "Smolkov, Igor"]
[Black "Kiselev, Artiom"]
[Result "1/2-1/2"]
[WhiteElo "2341"]
[BlackElo "2239"]
[PlyCount "104"]
[EventDate "2002.10.25"]
[EventType "swiss"]
[EventRounds "9"]
[EventCountry "RUS"]
[SourceTitle "EXT 2003"]
[Source "ChessBase"]
[SourceDate "2002.11.25"]
[SourceVersion "1"]
[SourceVersionDate "2002.11.25"]
[SourceQuality "1"]

1. e4 c5 2. Nf3 Nc6 3. d4 cxd4 4. Nxd4 Nf6 5. Nc3 e5 6. Ndb5 d6 7. Bg5 a6 8. Na3 b5 9. Nd5 Be7 10. Bxf6 Bxf6 11. c3 0-0 12. Nc2 Rb8 13. Be2 Bg5 14. 0-0 a5 15. Nce3 Be6 16. Qd3 Ne7 17. Rfd1 Nxd5 18. Nxd5 Qd7 19. Bf3 g6 20. Qc2 f5 21. Rd3 Kh8 22. Rad1 Rg8 23. b3 f4 24. c4 bxc4 25. bxc4 Rgc8 26. Rb3 Bd8 27. Be2 Qc6 28. Qb2 Rxb3 29. axb3 Kg8 30. Qa3 Qc5 31. Qxc5 dxc5 32. Nc3 Be7 33. h3 h5 34. Ra1 Bd8 35. Kf1 Kf7 36. Bd1 Ke7 37. Ke2 Rc6 38. Kd3 Kd7 39. Nd5 Kc8 40. Bc2 Kb7 41. Bd1 Kc8 42. Kc3 Rd6 43. Be2 Rd7 44. Kc2 Kb7 45. f3 Kc6 46. Kd3 Kb7 47. Bd1 h4 48. Bc2 g5 49. Ke2 Rd6 50. Nc3 Rd7 51. Na4 Kc6 52. Nb2 Rd4 1/2-1/2

[Event "UKR-ch"]
[Site "Alushta"]
[Date "2002.05.11"]
[Round "9"]
[White "Smolkov, Igor"]
[Black "Averjanov, Alexey"]
[Result "0-1"]
[WhiteElo "2247"]
[BlackElo "2376"]
[PlyCount "50"]
[EventDate "2002.05.02"]
[EventType "swiss"]
[EventRounds "9"]
[EventCountry "UKR"]
[SourceTitle "EXT 2003"]
[Source "ChessBase"]
[SourceDate "2002.11.25"]
[SourceVersion "1"]
[SourceVersionDate "2002.11.25"]
[SourceQuality "1"]

1. e4 c5 2. Nf3 d6 3. d4 cxd4 4. Nxd4 Nf6 5. Nc3 a6 6. Bg5 e6 7. f4 Be7 8. Qf3 Qc7 9. 0-0-0 Nbd7 10. g4 b5 11. Bxf6 Nxf6 12. g5 Nd7 13. a3 Rb8 14. h4 b4 15. axb4 Rxb4 16. Bh3 0-0 17. g6 Nc5 18. gxh7+ Kh8 19. Rhg1 Bf6 20. Qe3 Bb7 21. h5 Bxe4 22. Nxe4 Bxd4 23. Rxd4 Nb3+ 24. Kb1 Nxd4 25. c3 Rxb2+ 0-1

[Event "UKR-ch"]
[Site "Alushta"]
[Date "2002.05.09"]
[Round "7"]
[White "Smolkov, Igor"]
[Black "Moskovets, Konstantin"]
[Result "1-0"]
[WhiteElo "2247"]
[BlackElo "2389"]
[PlyCount "35"]
[EventDate "2002.05.02"]
[EventType "swiss"]
[EventRounds "9"]
[EventCountry "UKR"]
[SourceTitle "EXT 2003"]
[Source "ChessBase"]
[SourceDate "2002.11.25"]
[SourceVersion "1"]
[SourceVersionDate "2002.11.25"]
[SourceQuality "1"]

1. e4 c5 2. Nf3 e6 3. d4 cxd4 4. Nxd4 Nf6 5. Nc3 Nc6 6. Ndb5 Bb4 7. Bf4 Nxe4 8. Qf3 d5 9. Nc7+ Ke7 10. Rd1 Rb8 11. Bc4 Re8 12. Nxe8 Qxe8 13. 0-0 Nxc3 14. bxc3 Bd6 15. Bxd6+ Kxd6 16. Rfe1 Qf8 17. Bxd5 exd5 18. Rxd5+ 1-0

[Event "UKR-ch"]
[Site "Alushta"]
[Date "2002.05.07"]
[Round "5"]
[White "Smolkov, Igor"]
[Black "Galinsky, Timofey"]
[Result "0-1"]
[WhiteElo "2247"]
[BlackElo "2373"]
[PlyCount "98"]
[EventDate "2002.05.02"]
[EventType "swiss"]
[EventRounds "9"]
[EventCountry "UKR"]
[SourceTitle "EXT 2003"]
[Source "ChessBase"]
[SourceDate "2002.11.25"]
[SourceVersion "1"]
[SourceVersionDate "2002.11.25"]
[SourceQuality "1"]

1. e4 e6 2. d4 d5 3. Nd2 Nf6 4. e5 Ng8 5. c3 c5 6. Bd3 Nc6 7. Ne2 cxd4 8. cxd4 f6 9. exf6 Nxf6 10. 0-0 Bd6 11. Nf3 0-0 12. Nc3 Bd7 13. Bg5 Qe8 14. Qc1 Rc8 15. Bf4 Ne4 16. Bxd6 Nxd6 17. Re1 Qh5 18. Qg5 Qf7 19. Rad1 h6 20. Qd2 Qh5 21. Ne5 Nxe5 22. Rxe5 Qh4 23. Qe2 Qf6 24. h3 Kh8 25. Bb1 Nc4 26. Rh5 Be8 27. Qc2 Qxf2+ 28. Qxf2 Rxf2 29. Rxd5 Nxb2 30. Re1 Rd2 31. Rd6 Nd3 32. Rf1 Bc6 33. d5 exd5 34. Bxd3 Rxd3 35. Ne2 Rd2 36. Nf4 d4 37. Rf2 Rxf2 38. Kxf2 Bb5 39. Rxd4 Rc2+ 40. Kg3 Rxa2 41. Rd8+ Kh7 42. h4 Bc6 43. h5 Ra3+ 44. Kf2 Ra5 45. g4 Re5 46. Rc8 Re8 47. Rc7 a5 48. Ne2 a4 49. Nd4 a3 0-1